00776nam a2200193 i 450000100060000000300090000600500170001500700030003200800410003524501480007626000540022430000200027865000610029870000310035970000330039085200220042399900170044595201200046285509ES-MaACL20230906175244.0t|041128m19211924pn ||||1| spa d00aJurisprudencia de la Corte Suprema de Justicia b: 1903-1923 / cextractada, compilada y arreglada por orden alfabético / Augusto A. Cervera. aPanamá : b[s.n.], c1921-1924 (fImp. Moderna) a1 v. ; c25 cm. 4aProcedimiento penal-zPanamá-vJurisprudencia.91536631 aCervera, Augusto A.9376261 aHerrera L., Manuel A.963224 aES-MaACLjB-13043 c85509d85509 00104070aATENEOMbATENEOMcSPBd2008-01-17eSCl0oB-13043p1089352r2023-02-23 00:00:00w2023-02-23yMONOGRAFIA